00942nam a2200241 a 450000100100000000500170001000800410002702000150006804000250008308200150010824501550012326000510027830000310032949000270036070000400038770000310042770000310045870000380048983000340052704900090056195201130057099900170068300002226420200930011645.0100921s2003 cl c 000 0 spa d a9562825795 aDO-SdBNPbspacBNPHU axxxbC322s00aCartas salidas del silencio /cselección y notas Pedro Pablo Zegers B. , Thomás Harris E., Daniela Schutte G. ; presentación Volodia Teitelboim. aSantiago de Chile :bDirección Dibam,c2003. a165 p. :bretrs. ;c21 cm.1 aJoyas bibliográficas1 aZegers B., Pedro Pabloesel.9460131 aHarris E., Thomás9460141 aSchutte G., Daniela9460151 aTeitelboim, Volodiaepres.946016 0aJoyas bibliográficas932132 aBNPD 001050718MOaGRbGRcCTd2010-09-21iLF1l0oxxx C322sp22264-10r2020-06-25w2020-06-25y1ZNo se presta c21762d21762